[Event "Plzen, FSB C"]
[Site "?"]
[Date "2004.??.??"]
[Round "6.17"]
[White "Fastova, K."]
[Black "Schanilec, M."]
[Result "0-1"]
[WhiteElo "1636"]
[BlackElo "1488"]
[PlyCount "120"]
[EventDate "2004.??.??"]
[Source "ChessBase"]
[SourceDate "1996.11.15"]

1. e4 e5 2. Nf3 Nc6 3. Bb5 Bc5 4. O-O Nge7 5. Nc3 O-O 6. a3 d6 7. h3 Be6 8. Na4
Bb6 9. Nxb6 axb6 10. c3 f5 11. Ng5 Qc8 12. Qh5 h6 13. Nxe6 Qxe6 14. d3 fxe4 15.
dxe4 Ng6 16. Qe2 Kh7 17. Bc4 Qd7 18. Kh2 Nf4 19. Bxf4 exf4 20. f3 Ne5 21. Ba2
b5 22. Rad1 h5 23. Rd5 c6 24. Rd4 g5 25. Rfd1 Rf6 26. c4 bxc4 27. Bxc4 Qe7 28.
Bb3 g4 29. Rg1 Rg6 30. Rdd1 Qh4 31. Rdf1 gxf3 32. gxf3 Rg3 33. Be6 Kh6 34. Rxg3
fxg3+ 35. Kg2 Ng6 36. Qd2+ Nf4+ 37. Kg1 Rd8 38. Bg4 Rf8 39. Bf5 Kg7 40. Bd7
Nxh3+ 41. Bxh3 Qxh3 42. Qg2 Qxg2+ 43. Kxg2 h4 44. Kh3 Rh8 45. f4 Kf6 46. Re1 d5
47. exd5 cxd5 48. Re5 d4 49. Rd5 d3 50. Rxd3 Kf5 51. Rf3 Ke4 52. Rf1 Rh5 53. b4
Rf5 54. Re1+ Kxf4 55. Kxh4 g2 56. a4 Rg5 57. Rg1 Rg8 58. Kh5 Kf3 59. Kh4 Kf2
60. Rc1 g1=Q 0-1

[Event "Plzen, FSB C"]
[Site "?"]
[Date "2004.??.??"]
[Round "6.18"]
[White "Polak, M."]
[Black "van Merkerk, R."]
[Result "1-0"]
[WhiteElo "1368"]
[BlackElo "1400"]
[PlyCount "53"]
[EventDate "2004.??.??"]
[Source "ChessBase"]
[SourceDate "1996.11.15"]

1. e4 e5 2. Nf3 d6 3. Bc4 Be7 4. Nc3 c6 5. O-O Nf6 6. Re1 O-O 7. d4 Nbd7 8. a3
Qc7 9. Bg5 h6 10. Be3 Re8 11. Qe2 Nf8 12. Nd2 Be6 13. f4 Bxc4 14. Nxc4 N8d7 15.
f5 Rad8 16. Rad1 Rc8 17. Qf3 b6 18. Qg3 Bf8 19. dxe5 Nxe5 20. Nxe5 Rxe5 21.
Bxh6 Qe7 22. Bg5 Qd8 23. Qh4 Be7 24. Re3 Nh5 25. Bxe7 Qxe7 26. Qxh5 g6 27. Qh6
1-0

[Event "Plzen, FSB C"]
[Site "?"]
[Date "2004.??.??"]
[Round "6.19"]
[White "Fakan, P."]
[Black "Lasik, P."]
[Result "0-1"]
[WhiteElo "1200"]
[BlackElo "1390"]
[PlyCount "52"]
[EventDate "2004.??.??"]
[Source "ChessBase"]
[SourceDate "1996.11.15"]

1. d4 Nf6 2. Nc3 d5 3. Bg5 Nbd7 4. Nf3 e6 5. e4 dxe4 6. Nxe4 Be7 7. Bd3 O-O 8.
c3 b6 9. Qe2 Bb7 10. O-O-O Nxe4 11. Bxe7 Qxe7 12. Bxe4 Bxe4 13. Qxe4 Rac8 14.
h4 Rfd8 15. g4 h6 16. g5 h5 17. g6 f6 18. Qe2 Nf8 19. Rdg1 Rd5 20. Ne1 c5 21.
Nd3 cxd4 22. Nf4 Re5 23. Qf3 dxc3 24. Nxh5 Qb4 25. b3 Qa3+ 26. Kc2 Qb2+ 0-1

[Event "Plzen, FSB C"]
[Site "?"]
[Date "2004.??.??"]
[Round "7.1"]
[White "Dvorak, M."]
[Black "Hava, J."]
[Result "0-1"]
[WhiteElo "1796"]
[BlackElo "1871"]
[PlyCount "100"]
[EventDate "2004.??.??"]
[Source "ChessBase"]
[SourceDate "1996.11.15"]

1. e4 e6 2. d4 d5 3. Nd2 f5 4. exf5 exf5 5. Ngf3 Bd6 6. Be2 Nf6 7. c4 c6 8. O-O
O-O 9. Qc2 Ne4 10. Ne5 Nd7 11. f4 Ndf6 12. Ndf3 dxc4 13. Bxc4+ Nd5 14. Nd2 Nef6
15. Qb3 Qb6 16. Bxd5+ Nxd5 17. Qxb6 Nxb6 18. b3 Be6 19. Bb2 Rad8 20. Ndc4 Nxc4
21. Nxc4 Bc7 22. Rae1 Rfe8 23. g3 Bd5 24. Rxe8+ Rxe8 25. Ne5 Bb6 26. Kf2 g5 27.
Ke3 Kg7 28. Rf2 g4 29. Ba3 Bc7 30. Rd2 Re6 31. Rc2 h5 32. Rd2 h4 33. Bb4 hxg3
34. hxg3 Rh6 35. Kf2 a5 36. Bc3 Rh2+ 37. Kg1 Rh1+ 38. Kf2 Bb6 39. Nd3 Rh2+ 40.
Kg1 Rxd2 41. Bxd2 Bxd4+ 42. Kf1 a4 43. Nc1 axb3 44. axb3 c5 45. Ke1 Kf7 46. Kd1
Ke6 47. b4 cxb4 48. Bxb4 Bf2 49. Be1 Bxe1 50. Kxe1 Bc4 0-1

[Event "Plzen, FSB C"]
[Site "?"]
[Date "2004.??.??"]
[Round "7.3"]
[White "Cerny, V."]
[Black "Pechat, J."]
[Result "1-0"]
[WhiteElo "1659"]
[BlackElo "1775"]
[PlyCount "29"]
[EventDate "2004.??.??"]
[Source "ChessBase"]
[SourceDate "1996.11.15"]

1. e4 c5 2. c3 d5 3. exd5 Qxd5 4. d4 e6 5. Nf3 Nf6 6. Bd3 Be7 7. O-O O-O 8. Re1
Qd8 9. Bc2 Nbd7 10. Qd3 cxd4 11. cxd4 Qa5 12. Nc3 b6 13. Ne5 Bd6 14. Bf4 Ba6
15. Qh3 1-0

[Event "Plzen, FSB C"]
[Site "?"]
[Date "2004.??.??"]
[Round "7.4"]
[White "Nathansky, D."]
[Black "Sefrna, F."]
[Result "1/2-1/2"]
[WhiteElo "1771"]
[BlackElo "1615"]
[PlyCount "59"]
[EventDate "2004.??.??"]
[Source "ChessBase"]
[SourceDate "1996.11.15"]

1. e4 e5 2. Nf3 Nc6 3. Bb5 a6 4. Ba4 Nf6 5. O-O Nxe4 6. d4 b5 7. Bb3 d5 8. dxe5
Be6 9. Qe2 Be7 10. Rd1 O-O 11. c4 bxc4 12. Bxc4 Nb8 13. Nc3 Nxc3 14. bxc3 c6
15. Bd3 Nd7 16. Bxa6 Qa5 17. Bd3 Qxc3 18. Bg5 Ba3 19. Bd2 Qc5 20. Ng5 g6 21.
Nxh7 Kxh7 22. Qh5+ Kg8 23. Bxg6 fxg6 24. Qxg6+ Kh8 25. Qh6+ Kg8 26. Qxe6+ Rf7
27. Be3 Qc3 28. Qg4+ Rg7 29. Qe6+ Rf7 30. Qg4+ 1/2-1/2

[Event "Plzen, FSB C"]
[Site "?"]
[Date "2004.??.??"]
[Round "7.5"]
[White "Szarowski, D."]
[Black "Bukacek, L."]
[Result "0-1"]
[WhiteElo "1889"]
[BlackElo "1728"]
[PlyCount "131"]
[EventDate "2004.??.??"]
[Source "ChessBase"]
[SourceDate "1996.11.15"]

1. e4 e5 2. Nf3 Nf6 3. d4 Nxe4 4. Nxe5 d5 5. Bd3 Be7 6. O-O O-O 7. c4 c6 8. Nc3
Nxc3 9. bxc3 dxc4 10. Bxc4 Nd7 11. f4 Nf6 12. Bd3 c5 13. Ba3 cxd4 14. Bxe7 Qxe7
15. cxd4 Be6 16. f5 Bd5 17. Re1 Qb4 18. Bf1 Rad8 19. Ng4 Qd6 20. Re5 Nxg4 21.
Qxg4 f6 22. Re3 Rfe8 23. Rae1 Rxe3 24. Rxe3 Bxa2 25. Re1 Bd5 26. Re3 Bf7 27.
Rd3 Bd5 28. Rg3 Rd7 29. Bb5 Bc6 30. Bc4+ Bd5 31. Bb5 Re7 32. h4 Qb4 33. Bd3
Re1+ 34. Kh2 Qe7 35. Qf4 a6 36. h5 h6 37. Qxh6 Qc7 38. Qd2 Rh1+ 39. Kxh1 Qxg3
40. Qe2 Qh4+ 41. Kg1 Qxd4+ 42. Kf1 Qa1+ 43. Kf2 Qa2 44. Bc2 Bf7 45. g4 Qc4 46.
Bd3 Qd4+ 47. Kg2 Qf4 48. Be4 b5 49. Bf3 Qd6 50. Qe3 b4 51. h6 b3 52. hxg7 Kxg7
53. g5 Qe5 54. Be4 b2 55. Kf3 b1=Q 56. Bxb1 Qxe3+ 57. Kxe3 fxg5 58. Bd3 a5 59.
Bb5 Bb3 60. Kd4 Kf6 61. Kc3 Bd1 62. Bd7 a4 63. Be6 g4 64. Kd2 Bb3 65. Bc8 Bd5
66. Kc3 0-1

[Event "Plzen, FSB C"]
[Site "?"]
[Date "2004.??.??"]
[Round "7.6"]
[White "Smid, J."]
[Black "Tenk, P."]
[Result "1/2-1/2"]
[WhiteElo "1752"]
[BlackElo "1806"]
[PlyCount "44"]
[EventDate "2004.??.??"]
[Source "ChessBase"]
[SourceDate "1996.11.15"]

1. e4 c5 2. Nf3 a6 3. d4 cxd4 4. Nxd4 b5 5. a4 b4 6. c3 e6 7. Bd3 Bb7 8. O-O h5
9. Qb3 Nf6 10. Re1 Ng4 11. Nf3 Bc5 12. Be3 Nxe3 13. fxe3 Qb6 14. Kf2 Nc6 15.
cxb4 Nxb4 16. Nbd2 d5 17. Ne5 Rd8 18. a5 Qa7 19. Qa4+ Ke7 20. Nb3 Bd6 21. exd5
exd5 22. Nd4 Nxd3+ 1/2-1/2

[Event "Plzen, FSB C"]
[Site "?"]
[Date "2004.??.??"]
[Round "7.7"]
[White "Chloupek, J."]
[Black "Bartonicek, Z."]
[Result "0-1"]
[WhiteElo "1743"]
[BlackElo "1771"]
[PlyCount "84"]
[EventDate "2004.??.??"]
[Source "ChessBase"]
[SourceDate "1996.11.15"]

1. c4 d6 2. Nc3 g6 3. Nf3 Bg7 4. g3 b6 5. Bg2 Bb7 6. O-O Nf6 7. d3 Nbd7 8. Bd2
O-O 9. Qc1 a5 10. Bh6 Nc5 11. Bxg7 Kxg7 12. Qc2 e5 13. e4 Re8 14. Rad1 h6 15.
Qd2 Nfd7 16. Nh4 Ne6 17. f4 exf4 18. Qf2 f3 19. Qxf3 Rf8 20. Rd2 Qg5 21. Rdf2
Ne5 22. Qd1 Qe3 23. Nf5+ gxf5 24. exf5 Bxg2 25. fxe6 Bc6 26. d4 Nf3+ 27. Kg2
Nxd4+ 28. Nd5 Nxe6 29. Qg4+ Qg5 30. Qe4 Qg6 31. Qe3 Rae8 32. Rf6 Qg5 33. Qf3
Bxd5 34. cxd5 Nd8 35. Rf5 Qe3 36. Qg4+ Kh7 37. Kh3 Re5 38. R5f3 Qd2 39. Rf4 Re2
40. Rxf7+ Rxf7 41. Rxf7+ Nxf7 42. Qf5+ Kg7 0-1

[Event "Plzen, FSB C"]
[Site "?"]
[Date "2004.??.??"]
[Round "7.8"]
[White "Albrecht, J."]
[Black "Soutner, J."]
[Result "1-0"]
[WhiteElo "1657"]
[BlackElo "1703"]
[PlyCount "61"]
[EventDate "2004.??.??"]
[Source "ChessBase"]
[SourceDate "1996.11.15"]

1. e4 e5 2. Nf3 Nc6 3. Nc3 Nf6 4. Bc4 Nxe4 5. Bxf7+ Kxf7 6. Nxe4 Be7 7. O-O Rf8
8. d4 exd4 9. Nxd4 Nxd4 10. Qxd4 Kg8 11. Qd5+ Kh8 12. Be3 c6 13. Qh5 Qe8 14.
Qd1 d5 15. Ng3 Qg6 16. c3 b5 17. Re1 Bd6 18. Qd2 Bg4 19. Bd4 a6 20. Be5 Bc5 21.
Bd4 Bd6 22. Be3 Rae8 23. a4 Ra8 24. Qd4 Rfb8 25. Bf4 Bxf4 26. Qxf4 Re8 27. h3
Be6 28. axb5 cxb5 29. Qd6 Bf7 30. Rxe8+ Bxe8 31. Qf8# 1-0

[Event "Plzen, FSB C"]
[Site "?"]
[Date "2004.??.??"]
[Round "7.9"]
[White "Verf, F."]
[Black "Talma, K."]
[Result "1/2-1/2"]
[WhiteElo "1638"]
[BlackElo "1823"]
[PlyCount "31"]
[EventDate "2004.??.??"]
[Source "ChessBase"]
[SourceDate "1996.11.15"]

1. e4 d5 2. exd5 Nf6 3. Nc3 Nxd5 4. Nxd5 Qxd5 5. Qf3 Qxf3 6. Nxf3 Bf5 7. c3 Nc6
8. d4 e6 9. Be3 Bd6 10. Bb5 O-O 11. O-O Ne7 12. Rfe1 Nd5 13. a3 Nxe3 14. Rxe3
c6 15. Ba4 Bf4 16. Ree1 1/2-1/2

[Event "Plzen, FSB C"]
[Site "?"]
[Date "2004.??.??"]
[Round "7.10"]
[White "Pasek, M."]
[Black "Martan, P."]
[Result "1-0"]
[WhiteElo "1710"]
[BlackElo "1000"]
[PlyCount "75"]
[EventDate "2004.??.??"]
[Source "ChessBase"]
[SourceDate "1996.11.15"]

1. c4 c5 2. Nc3 Nc6 3. Nf3 d6 4. e3 g6 5. d4 cxd4 6. exd4 Bg7 7. Be2 e5 8. d5
Nd4 9. Nxd4 exd4 10. Nb5 Qb6 11. Bd3 Ne7 12. Qe2 a6 13. Na3 Qc7 14. O-O O-O 15.
Bf4 Nf5 16. Nc2 Bd7 17. Rae1 Rae8 18. Qd2 Qb6 19. b3 Be5 20. Re4 f6 21. h3 Ng7
22. Rfe1 Bf5 23. Bxe5 Bxe4 24. Bxd4 Qc7 25. Bxe4 f5 26. Bd3 Re7 27. Bf6 Rxe1+
28. Nxe1 Re8 29. Nf3 Qf7 30. Bg5 Nh5 31. Qb4 Qd7 32. c5 dxc5 33. Qxc5 Rc8 34.
Qd4 Qd6 35. a4 Rc5 36. Bc4 b5 37. axb5 axb5 38. Be7 1-0

[Event "Plzen, FSB C"]
[Site "?"]
[Date "2004.??.??"]
[Round "7.11"]
[White "Schanilec, M."]
[Black "Zach, T."]
[Result "1-0"]
[WhiteElo "1488"]
[BlackElo "1709"]
[PlyCount "75"]
[EventDate "2004.??.??"]
[Source "ChessBase"]
[SourceDate "1996.11.15"]

1. e4 e5 2. Nf3 d6 3. Nc3 Nc6 4. Bb5 Bd7 5. d4 exd4 6. Nxd4 Be7 7. Nxc6 bxc6 8.
Bc4 Bf6 9. Qd3 Ne7 10. O-O O-O 11. Bd2 Be6 12. Bxe6 fxe6 13. f4 Ng6 14. Rab1 c5
15. Ne2 Rb8 16. Bc3 Bxc3 17. Qxc3 Rb4 18. Qd3 c4 19. Qc3 Qb8 20. a3 Qb6+ 21.
Qd4 c5 22. Qc3 Ra4 23. Kh1 d5 24. exd5 exd5 25. f5 d4 26. Qg3 Nh8 27. f6 Ng6
28. fxg7 Rf6 29. Rxf6 Qxf6 30. Qb8+ Kxg7 31. Ng3 Kh6 32. Rf1 Qb6 33. Nf5+ Kg5
34. Qg3+ Kf6 35. Nxd4+ Kg7 36. Nf5+ Kg8 37. Qc3 Qb7 38. Nh6# 1-0

[Event "Plzen, FSB C"]
[Site "?"]
[Date "2004.??.??"]
[Round "7.12"]
[White "Hava, R."]
[Black "Stanek, V."]
[Result "1-0"]
[WhiteElo "1557"]
[BlackElo "1654"]
[PlyCount "49"]
[EventDate "2004.??.??"]
[Source "ChessBase"]
[SourceDate "1996.11.15"]

1. e4 c5 2. Nf3 d6 3. d4 cxd4 4. Nxd4 Nf6 5. Nc3 a6 6. Be2 e6 7. Be3 Bd7 8. Qd2
Nc6 9. O-O Be7 10. f4 Qc7 11. a3 Rc8 12. Rf3 g6 13. f5 Nxd4 14. Bxd4 exf5 15.
exf5 gxf5 16. Nd5 Qxc2 17. Qxc2 Rxc2 18. Nxf6+ Bxf6 19. Bxf6 Rg8 20. Re3+ Be6
21. Bf3 Rc7 22. Rd1 Rg6 23. Bc3 Kd7 24. Bb4 Bb3 25. Rxb3 1-0

[Event "Plzen, FSB C"]
[Site "?"]
[Date "2004.??.??"]
[Round "7.13"]
[White "Reznicek, M."]
[Black "van der Heide, G."]
[Result "1-0"]
[WhiteElo "1411"]
[BlackElo "1648"]
[PlyCount "47"]
[EventDate "2004.??.??"]
[Source "ChessBase"]
[SourceDate "1996.11.15"]

1. e4 d6 2. d4 Nf6 3. Nc3 g6 4. f3 Bg7 5. Be3 a6 6. Qd2 h5 7. O-O-O Nc6 8. Nge2
b5 9. Nf4 O-O 10. Nfd5 Kh7 11. Be2 Bb7 12. h4 Nxd5 13. Nxd5 e6 14. Nc3 e5 15.
d5 Nd4 16. g4 Nxe2+ 17. Qxe2 Bc8 18. gxh5 gxh5 19. Rdg1 Bh6 20. Bxh6 Kxh6 21.
Qe3+ Kh7 22. Rg5 Rg8 23. Rxh5+ Kg7 24. Qh6# 1-0

[Event "Plzen, FSB C"]
[Site "?"]
[Date "2004.??.??"]
[Round "7.14"]
[White "Vitous, V."]
[Black "Kang, MY."]
[Result "1/2-1/2"]
[WhiteElo "1553"]
[BlackElo "1589"]
[PlyCount "42"]
[EventDate "2004.??.??"]
[Source "ChessBase"]
[SourceDate "1996.11.15"]

1. d4 d5 2. c4 Nf6 3. Nc3 Bf5 4. Nf3 e6 5. e3 c5 6. cxd5 Nxd5 7. Bb5+ Nc6 8.
Ne5 Qc7 9. O-O Bd6 10. Nxd5 exd5 11. f4 O-O 12. Nxc6 bxc6 13. Bd3 Qd7 14. b3
Rfe8 15. Qc2 Bxd3 16. Qxd3 Re4 17. Bd2 Qg4 18. dxc5 Bxc5 19. Rac1 Bb6 20. Kh1
Qe6 21. Qc3 Rc8 1/2-1/2

[Event "Plzen, FSB C"]
[Site "?"]
[Date "2004.??.??"]
[Round "7.15"]
[White "Hahn, C."]
[Black "Malek, M."]
[Result "0-1"]
[WhiteElo "1601"]
[BlackElo "1642"]
[PlyCount "74"]
[EventDate "2004.??.??"]
[Source "ChessBase"]
[SourceDate "1996.11.15"]

1. e4 c5 2. Nc3 a6 3. f4 b5 4. Nf3 Bb7 5. d3 e6 6. Be3 d6 7. Ne2 Nc6 8. Ng3 Be7
9. Be2 Nf6 10. h3 O-O 11. O-O Rc8 12. Qd2 d5 13. e5 Nd7 14. c3 Nb6 15. d4 cxd4
16. Nxd4 Nc4 17. Bxc4 dxc4 18. Rad1 Qc7 19. Nxc6 Qxc6 20. Qe2 Rfd8 21. Kh2 Rxd1
22. Rxd1 Rd8 23. Bd4 Bc5 24. Nf1 Bxd4 25. Rxd4 Rxd4 26. cxd4 Qd5 27. Qf2 h6 28.
Nd2 a5 29. Kg3 b4 30. Nf3 Qe4 31. Qd2 Qg6+ 32. Kf2 Qh5 33. Ne1 Qh4+ 34. Kg1 Qg3
35. Qf2 Qg6 36. Nc2 Qd3 37. Ne3 Qxd4 0-1

[Event "Plzen, FSB C"]
[Site "?"]
[Date "2004.??.??"]
[Round "7.16"]
[White "Volf, M."]
[Black "Bolek, M."]
[Result "1/2-1/2"]
[WhiteElo "1611"]
[BlackElo "1554"]
[PlyCount "75"]
[EventDate "2004.??.??"]
[Source "ChessBase"]
[SourceDate "1996.11.15"]

1. e4 e5 2. Nf3 Nc6 3. Bb5 a6 4. Ba4 Nf6 5. O-O Be7 6. Re1 b5 7. Bb3 O-O 8. c3
d6 9. h3 Nb8 10. d4 Nbd7 11. Bc2 Bb7 12. Nbd2 Re8 13. Nf1 Bf8 14. Ng3 g6 15. d5
Bg7 16. Be3 Qb8 17. Qe2 c6 18. dxc6 Bxc6 19. Rad1 Nc5 20. Bxc5 dxc5 21. b3 Qc7
22. c4 Nd7 23. Bd3 Rab8 24. Qc2 b4 25. Nf1 Nf8 26. Ne3 Ne6 27. Nd5 Bxd5 28.
exd5 Nd4 29. Nxd4 exd4 30. Re2 Be5 31. Rde1 Re7 32. g4 Rbe8 33. Kg2 Qd6 34. Qd1
Qf6 35. Re4 Bd6 36. Rxe7 Rxe7 37. Rxe7 Qxe7 38. Qe2 1/2-1/2

[Event "Plzen, FSB C"]
[Site "?"]
[Date "2004.??.??"]
[Round "7.17"]
[White "Veenstra, C."]
[Black "Polak, M."]
[Result "1-0"]
[WhiteElo "1474"]
[BlackElo "1368"]
[PlyCount "85"]
[EventDate "2004.??.??"]
[Source "ChessBase"]
[SourceDate "1996.11.15"]

1. d4 d5 2. Nf3 Nc6 3. c4 Nf6 4. Nc3 e6 5. cxd5 exd5 6. Qc2 Bb4 7. a3 Bd6 8.
Bg5 Be7 9. Bxf6 Bxf6 10. e3 O-O 11. Bd3 g6 12. O-O a6 13. Ne2 Bg4 14. Ne1 Ne7
15. f3 Bf5 16. e4 Be6 17. e5 Bg7 18. h4 Nf5 19. h5 Ne3 20. Qb1 Nxf1 21. Kxf1
Qg5 22. hxg6 fxg6 23. Kf2 Bh6 24. Nc2 Bf5 25. Bxf5 Rxf5 26. g3 Raf8 27. f4 Qe7
28. Ne3 Rh5 29. Kg2 Qd7 30. g4 Rh4 31. Kg3 g5 32. f5 c6 33. Ng2 Qe7 34. f6 Qe6
35. Nxh4 gxh4+ 36. Kxh4 Rf7 37. g5 Bf8 38. Nf4 Qe8 39. g6 hxg6 40. Qxg6+ Kh8
41. Nh5 Qd7 42. Rg1 Bg7 43. fxg7+ 1-0

[Event "Plzen, FSB C"]
[Site "?"]
[Date "2004.??.??"]
[Round "7.18"]
[White "Lasik, P."]
[Black "Fastova, K."]
[Result "1/2-1/2"]
[WhiteElo "1390"]
[BlackElo "1636"]
[PlyCount "159"]
[EventDate "2004.??.??"]
[Source "ChessBase"]
[SourceDate "1996.11.15"]

1. d4 d5 2. c4 Nc6 3. Nc3 Nf6 4. Bg5 dxc4 5. e3 e6 6. Bxc4 Be7 7. Nf3 O-O 8.
O-O a6 9. a3 b5 10. Bd3 Bb7 11. Rc1 h6 12. Bf4 Rc8 13. b4 Bd6 14. Bg3 Re8 15.
Ne4 e5 16. Nxf6+ Qxf6 17. Be4 Na5 18. dxe5 Bxe5 19. Bxb7 Nxb7 20. Bxe5 Rxe5 21.
Nxe5 Qxe5 22. Qf3 Nd6 23. Rc6 Nc4 24. Rd1 Nb6 25. g3 Qe8 26. Rd4 Qe5 27. Qg4
Qg5 28. Qd1 Qe7 29. Qc2 Nc4 30. Qf5 Rf8 31. Rd7 Qe5 32. Qd3 Qa1+ 33. Kg2 Ne5
34. Qd5 Nxd7 35. Qxd7 Qxa3 36. Qxc7 Qxb4 37. Rxa6 Qe4+ 38. Kh3 Qf5+ 39. Kg2 Rc8
40. Qb7 b4 41. Rb6 Rc2 42. Qf3 Qd3 43. Rxb4 Rc1 44. Qa8+ Kh7 45. Qe4+ Qxe4+ 46.
Rxe4 Rc7 47. h4 h5 48. f4 Kg6 49. Kf3 Rc1 50. Rd4 Rc3 51. Rd2 Kf5 52. Rd7 Ke6
53. Rd8 Ke7 54. Rd5 g6 55. Re5+ Kf6 56. Ke4 Rc1 57. Kf3 Rc3 58. g4 hxg4+ 59.
Kxg4 Rc1 60. h5 Rg1+ 61. Kf3 Rf1+ 62. Ke4 gxh5 63. Rxh5 Rc1 64. Rd5 Rc4+ 65.
Rd4 Rc6 66. Kd5 Re6 67. e4 Ke7 68. Rc4 Kd7 69. f5 Rd6+ 70. Ke5 Ra6 71. Rb4 f6+
72. Kf4 Kd6 73. Rd4+ Kc5 74. Rd8 Rb6 75. e5 Rb4+ 76. Ke3 fxe5 77. Rc8+ Kd6 78.
Re8 Rf4 79. Re6+ Kd7 80. Rxe5 1/2-1/2

[Event "Plzen, FSB C"]
[Site "?"]
[Date "2004.??.??"]
[Round "7.19"]
[White "Krizek, A."]
[Black "van Merkerk, R."]
[Result "0-1"]
[WhiteElo "1000"]
[BlackElo "1400"]
[PlyCount "76"]
[EventDate "2004.??.??"]
[Source "ChessBase"]
[SourceDate "1996.11.15"]

1. e4 e5 2. Nf3 d6 3. d4 Nd7 4. Be2 Be7 5. Be3 Ngf6 6. Nc3 c6 7. O-O O-O 8. a3
Qe8 9. Qd2 Bd8 10. dxe5 dxe5 11. b4 b6 12. Bd3 Ng4 13. Bg5 Bxg5 14. Nxg5 h6 15.
Nf3 Bb7 16. Bc4 Rd8 17. Rad1 Qe7 18. Qe2 Ngf6 19. h3 b5 20. Bb3 a6 21. Rd2 c5
22. Rb1 c4 23. Ba2 Nb6 24. Rbd1 Rd7 25. Rxd7 Nbxd7 26. Nh2 Rd8 27. f3 Nf8 28.
Rxd8 Qxd8 29. Bb1 Ne6 30. Qd1 Qb6+ 31. Kh1 Nh5 32. Ne2 Nef4 33. Nf1 Qf2 34.
Nxf4 Nxf4 35. Ne3 Qxe3 36. Qd8+ Kh7 37. Qd7 Qf2 38. Qf5+ Kg8 0-1

[Event "Plzen, FSB C"]
[Site "?"]
[Date "2004.??.??"]
[Round "8.1"]
[White "Hava, J."]
[Black "Cerny, V."]
[Result "0-1"]
[WhiteElo "1871"]
[BlackElo "1659"]
[PlyCount "62"]
[EventDate "2004.??.??"]
[Source "ChessBase"]
[SourceDate "1996.11.15"]

1. e4 g6 2. d4 Bg7 3. Nc3 d6 4. Be3 Nf6 5. Qd2 Nc6 6. f3 O-O 7. O-O-O e5 8.
Nge2 a6 9. g4 Bd7 10. d5 Na7 11. Ng3 Nb5 12. Nxb5 axb5 13. a3 Ne8 14. Bh6 c5
15. Bxg7 Kxg7 16. Qe3 Qa5 17. Qb3 Nc7 18. h4 h6 19. g5 h5 20. Bh3 Bxh3 21. Rxh3
c4 22. Qb4 Qb6 23. Qc3 Ra4 24. f4 b4 25. axb4 Qf2 26. b3 Nb5 27. Nh1 Qxf4+ 28.
Qe3 Ra1+ 29. Kd2 c3+ 30. Ke2 Nd4+ 31. Rxd4 Qf1# 0-1

[Event "Plzen, FSB C"]
[Site "?"]
[Date "2004.??.??"]
[Round "8.2"]
[White "Rouc, M."]
[Black "Nathansky, D."]
[Result "0-1"]
[WhiteElo "1776"]
[BlackElo "1771"]
[PlyCount "46"]
[EventDate "2004.??.??"]
[Source "ChessBase"]
[SourceDate "1996.11.15"]

1. e4 c5 2. Nf3 d6 3. d4 cxd4 4. Nxd4 Nf6 5. Nc3 g6 6. Be2 Bg7 7. O-O O-O 8.
Kh1 Nc6 9. Be3 d5 10. exd5 Nxd5 11. Nxd5 Qxd5 12. Bf3 Qc4 13. Nxc6 bxc6 14. c3
a5 15. b3 Qa6 16. Qd2 Be6 17. Rfd1 a4 18. Qb2 Rab8 19. Bd4 Bxd4 20. Rxd4 c5 21.
Rxa4 Qxa4 22. c4 Qxc4 23. Rc1 Qd4 0-1

[Event "Plzen, FSB C"]
[Site "?"]
[Date "2004.??.??"]
[Round "8.3"]
[White "Bukacek, L."]
[Black "Pechat, J."]
[Result "1-0"]
[WhiteElo "1728"]
[BlackElo "1775"]
[PlyCount "87"]
[EventDate "2004.??.??"]
[Source "ChessBase"]
[SourceDate "1996.11.15"]

1. b3 d5 2. Bb2 c5 3. e3 Nf6 4. Nf3 e6 5. Be2 Nc6 6. O-O Be7 7. d3 O-O 8. Ne5
Qc7 9. Nxc6 Qxc6 10. Nd2 b5 11. Nf3 Nd7 12. c4 a6 13. Nd2 Rb8 14. Rc1 Bb7 15.
Bf3 Qc7 16. d4 Bc6 17. cxd5 exd5 18. dxc5 b4 19. Bd4 Rb5 20. Be2 Rbb8 21. Bd3
f5 22. Qc2 Bb5 23. Bxb5 Rxb5 24. c6 Nc5 25. Nf3 Bd6 26. Rfd1 Ne4 27. Qb2 g5 28.
Be5 g4 29. Bxd6 Qxd6 30. Nd4 Rbb8 31. c7 Rbc8 32. Rc6 Qd7 33. Rxa6 Rxc7 34. Ne6
Nc3 35. Re1 Rf7 36. Nxc7 Qxc7 37. Qd2 Qb7 38. Rh6 Kg7 39. Rh4 Kg6 40. e4 h5 41.
exf5+ Rxf5 42. Re6+ Kf7 43. Qh6 Ne2+ 44. Rxe2 1-0

[Event "Plzen, FSB C"]
[Site "?"]
[Date "2004.??.??"]
[Round "8.4"]
[White "Konigs, C."]
[Black "Dvorak, M."]
[Result "0-1"]
[WhiteElo "1768"]
[BlackElo "1796"]
[PlyCount "102"]
[EventDate "2004.??.??"]
[Source "ChessBase"]
[SourceDate "1996.11.15"]

1. e4 c5 2. Nf3 d6 3. d4 cxd4 4. Nxd4 Nf6 5. Nc3 a6 6. Be2 g6 7. Be3 Bd7 8. Qd2
Bg7 9. Bh6 O-O 10. h4 Bxh6 11. Qxh6 Kh8 12. O-O-O Rg8 13. f3 Qf8 14. Qd2 Nc6
15. g4 Qg7 16. Nb3 b5 17. Rdg1 Be6 18. Nd5 Bxd5 19. exd5 Ne5 20. Na5 Rac8 21.
f4 Nc4 22. Nxc4 bxc4 23. Bf3 Nd7 24. Re1 c3 25. Qf2 cxb2+ 26. Kb1 Nc5 27. Re3
Na4 28. Be4 Rc3 29. Rhh3 Qd4 30. Qe1 Rgc8 31. Bd3 Ra3 32. Bxa6 Rxe3 33. Rxe3
Nc3+ 34. Rxc3 Rxc3 35. Bd3 Rc7 36. f5 Ra7 37. Qe4 Qg1+ 38. Kxb2 Rb7+ 39. Kc3
Qa1+ 40. Kd2 Qxa2 41. fxg6 hxg6 42. h5 Qa5+ 43. Kc1 Qc3 44. hxg6 fxg6 45. g5
Ra7 46. Qh4+ Kg8 47. Kd1 Ra1+ 48. Ke2 Qe5+ 49. Kd2 Rg1 50. Qf2 Qxg5+ 51. Kc3
Qf6+ 0-1

[Event "Plzen, FSB C"]
[Site "?"]
[Date "2004.??.??"]
[Round "8.5"]
[White "Bartonicek, Z."]
[Black "Sefrna, F."]
[Result "1-0"]
[WhiteElo "1771"]
[BlackElo "1615"]
[PlyCount "65"]
[EventDate "2004.??.??"]
[Source "ChessBase"]
[SourceDate "1996.11.15"]

1. f4 d5 2. e3 Nf6 3. Nf3 c5 4. b3 e6 5. Bb2 Bd6 6. Be2 O-O 7. O-O b6 8. Qe1
Ba6 9. Nc3 Bxe2 10. Nxe2 Nc6 11. Qh4 a5 12. Ng5 h6 13. Rf3 Be7 14. Nh3 Ne4 15.
Qe1 Bf6 16. Bxf6 Qxf6 17. d3 Nd6 18. a3 a4 19. g4 Qb2 20. g5 h5 21. Qd1 axb3
22. cxb3 Nb4 23. Rf1 Rxa3 24. Rxa3 Qxa3 25. Nc1 Nf5 26. Qxh5 Nxe3 27. g6 fxg6
28. Qxg6 Rf6 29. Qe8+ Kh7 30. Qh5+ Kg8 31. Qe8+ Kh7 32. Ng5+ Kh6 33. Qh8+ 1-0

[Event "Plzen, FSB C"]
[Site "?"]
[Date "2004.??.??"]
[Round "8.6"]
[White "Smid, J."]
[Black "Albrecht, J."]
[Result "1-0"]
[WhiteElo "1752"]
[BlackElo "1657"]
[PlyCount "109"]
[EventDate "2004.??.??"]
[Source "ChessBase"]
[SourceDate "1996.11.15"]

1. e4 c5 2. Nf3 d6 3. d4 cxd4 4. Nxd4 Nf6 5. Nc3 g6 6. f3 Bg7 7. Be3 Bd7 8. Qd2
h5 9. Be2 Nc6 10. h4 a6 11. O-O-O Rc8 12. Rdg1 Qa5 13. Nb3 Qc7 14. g4 b5 15. g5
b4 16. Na4 Nh7 17. Nb6 Rb8 18. Nxd7 Qxd7 19. Rd1 a5 20. Nc5 Qd8 21. Qd5 Qb6 22.
Bf4 Ne5 23. Na4 Qc6 24. Qxc6+ Nxc6 25. Be3 O-O 26. Rd5 f6 27. f4 fxg5 28. fxg5
Be5 29. Bc4 Kg7 30. Rb5 Bd4 31. Bxd4+ Nxd4 32. Rxb8 Rxb8 33. c3 bxc3 34. Nxc3
Rc8 35. Bd3 Rf8 36. Ne2 Nxe2+ 37. Bxe2 Rf2 38. Kd2 Nf8 39. Ke3 Rf7 40. Bc4 e6
41. Rf1 Rxf1 42. Bxf1 Nd7 43. a3 Kf7 44. Kd4 Nb6 45. e5 dxe5+ 46. Kxe5 Nd7+ 47.
Kd6 Nb6 48. b4 axb4 49. axb4 Nc8+ 50. Kc7 Ne7 51. b5 Nd5+ 52. Kc6 Ke7 53. b6
Nxb6 54. Kxb6 Kd6 55. Bd3 1-0